[Event "Titled Tuesday intern op 24th Oct Late"]
[Site "Chess.com INT"]
[Date "2023.10.24"]
[Round "4"]
[White "Dogan, Ali Ekber"]
[Black "Al Tarbosh, Ward"]
[Result "1-0"]
[WhiteElo "2182"]
[BlackElo "2280"]
[PlyCount "181"]
[EventDate "2023.10.24"]
[EventType "swiss (blitz)"]
[EventRounds "11"]
[EventCountry "USA"]
[SourceTitle "Mega2024 Update 01"]
[Source "Chessbase"]
[SourceDate "2023.11.12"]
[SourceVersion "1"]
[SourceVersionDate "2023.11.12"]
[SourceQuality "1"]

1. d4 d5 2. c4 c6 3. Nf3 Nf6 4. g3 Bf5 5. Bg2 e6 6. Qb3 Qb6 7. c5 Qxb3 8. axb3 Nbd7 9. b4 a6 10. Nc3 Rc8 11. h3 h6 12. g4 Bh7 13. Bf4 Ne4 14. e3 g5 15. Bh2 Bg7 16. 0-0 f5 17. Nxe4 dxe4 18. Nd2 Nf6 19. Nc4 0-0 20. Bd6 Rfe8 21. Nb6 Rcd8 22. Bc7 fxg4 23. Bxd8 Rxd8 24. b5 gxh3 25. Bxh3 g4 26. Bg2 cxb5 27. Rfc1 Nd5 28. Nxd5 exd5 29. c6 bxc6 30. Rxa6 h5 31. Raxc6 Bf5 32. Rc7 h4 33. R1c5 g3 34. fxg3 hxg3 35. Rxb5 Bh6 36. Rb3 Ra8 37. Bf1 Bg4 38. Kg2 Bf8 39. Rcb7 Bd6 40. R7b6 Bf3+ 41. Kh3 Rd8 42. Bg2 Kf7 43. Rxd6 Bxg2+ 44. Kxg2 Rxd6 45. Kxg3 Rf6 46. Rc3 Rf3+ 47. Kg4 Ke6 48. b4 Kd6 49. b5 Rf1 50. Rb3 Kc7 51. b6+ Kb7 52. Kg5 Rf3 53. Kg4 Rf1 54. Kh3 Rf3+ 55. Kg2 Rf6 56. Kg3 Rxb6 57. Rxb6+ Kxb6 58. Kf4 Kb5 59. Ke5 Kc4 60. Kd6 Kd3 61. Kxd5 Kxe3 62. Kc5 Kf4 63. d5 e3 64. d6 e2 65. d7 e1Q 66. d8Q Qc3+ 67. Kb5 Qb3+ 68. Kc5 Qa3+ 69. Kb5 Qb2+ 70. Kc5 Qe5+ 71. Kc6 Qc3+ 72. Kd7 Qd4+ 73. Kc8 Qe4 74. Qc7+ Kf5 75. Qd7+ Kf6 76. Qd8+ Kf7 77. Qd7+ Kf6 78. Qd6+ Kf5 79. Qf8+ Kg4 80. Qg7+ Kf3 81. Qf6+ Ke3 82. Qb6+ Kd3 83. Qc7 Qa8+ 84. Qb8 Qd5 85. Qc7 Qg5 86. Qd7+ Kc4 87. Qc7+ Kb5 88. Qb7+ Kc5 89. Qc7+ Kd5 90. Qa5+ Ke4 91. Qxg5 1-0

[Event "Titled Tuesday intern op 24th Oct Late"]
[Site "Chess.com INT"]
[Date "2023.10.24"]
[Round "10"]
[White "Janaszak, Dawid"]
[Black "Dogan, Ali Ekber"]
[Result "1-0"]
[WhiteElo "2308"]
[BlackElo "2182"]
[PlyCount "77"]
[EventDate "2023.10.24"]
[EventType "swiss (blitz)"]
[EventRounds "11"]
[EventCountry "USA"]
[SourceTitle "Mega2024 Update 01"]
[Source "Chessbase"]
[SourceDate "2023.11.12"]
[SourceVersion "1"]
[SourceVersionDate "2023.11.12"]
[SourceQuality "1"]

1. d4 Nf6 2. Bg5 e6 3. e4 Be7 4. e5 Nd5 5. Bd2 c5 6. Qg4 Kf8 7. dxc5 Nc6 8. Nf3 f6 9. Nc3 Ndb4 10. 0-0-0 Bxc5 11. a3 Nd5 12. Ne4 f5 13. Qh5 fxe4 14. Ng5 Qe8 15. Nxh7+ Rxh7 16. Qxh7 Nxe5 17. Qxe4 d6 18. f4 Nf6 19. Qe1 Nc6 20. g4 Bd7 21. g5 Nd5 22. Bd3 Qf7 23. Qh4 g6 24. Rde1 Nce7 25. c4 Nb6 26. Bc3 Qg8 27. Rhf1 Nf5 28. Qg4 Kf7 29. Kb1 Re8 30. Rf3 Na4 31. Bd2 Bd4 32. Bc1 Nc5 33. Bc2 a5 34. Rh3 Bg7 35. Qd1 Nd4 36. Bxg6+ Kxg6 37. Qh5+ Kf5 38. g6+ Kf6 39. Qg5# 1-0

[Event "Titled Tuesday intern op 24th Oct Late"]
[Site "Chess.com INT"]
[Date "2023.10.24"]
[Round "6"]
[White "Matinian, Nikita"]
[Black "Dogan, Ali Ekber"]
[Result "0-1"]
[WhiteElo "2421"]
[BlackElo "2182"]
[PlyCount "90"]
[EventDate "2023.10.24"]
[EventType "swiss (blitz)"]
[EventRounds "11"]
[EventCountry "USA"]
[SourceTitle "Mega2024 Update 01"]
[Source "Chessbase"]
[SourceDate "2023.11.12"]
[SourceVersion "1"]
[SourceVersionDate "2023.11.12"]
[SourceQuality "1"]

1. e4 e6 2. d4 d5 3. Nc3 Nf6 4. Bg5 Be7 5. e5 Nfd7 6. h4 Nc6 7. Qg4 f6 8. exf6 Nxf6 9. Bxf6 Bxf6 10. Bb5 0-0 11. Bxc6 bxc6 12. Qd1 Rb8 13. Rb1 c5 14. dxc5 Rxb2 15. Nge2 Rxb1 16. Qxb1 Ba6 17. Nd1 d4 18. Qb3 Kh8 19. h5 d3 20. cxd3 Bxd3 21. h6 g6 22. Ne3 c6 23. a3 Qa5+ 24. Qb4 Qa6 25. Nf4 Be5 26. Nxe6 Rb8 27. Qd2 Qxa3 28. Nd1 Rb1 29. Rh3 Bc3 30. Rxd3 Bxd2+ 31. Rxd2 Rb8 32. Ne3 Qa1+ 33. Ke2 Qe5 34. Nd4 Rd8 35. Nf3 Rxd2+ 36. Nxd2 Qxc5 37. Ne4 Qb5+ 38. Kf3 Qh5+ 39. Ng4 Qf5+ 40. Ke3 Qxg4 41. g3 Qh5 42. f4 Qxh6 43. Kd4 Qg7+ 44. Kc5 Qd7 45. Nf6 Qe7+ 0-1

[Event "Titled Tuesday intern op 19th Sep Late"]
[Site "Chess.com INT"]
[Date "2023.09.19"]
[Round "10"]
[White "Dogan, Ali Ekber"]
[Black "Bogaudinov, Rushan"]
[Result "1-0"]
[WhiteElo "2182"]
[BlackElo "1853"]
[PlyCount "139"]
[EventDate "2023.09.19"]
[EventType "swiss (blitz)"]
[EventRounds "11"]
[EventCountry "USA"]
[SourceTitle "EXT 2024"]
[Source "ChessBase"]
[SourceDate "2023.10.10"]
[SourceVersion "1"]
[SourceVersionDate "2023.10.10"]
[SourceQuality "1"]

1. d4 d5 2. c4 e6 3. Nf3 Nf6 4. g3 Be7 5. Bg2 0-0 6. Qc2 c5 7. dxc5 Bxc5 8. cxd5 Bb4+ 9. Bd2 Bxd2+ 10. Nbxd2 exd5 11. 0-0 Nc6 12. e3 Bg4 13. h3 Bh5 14. Qb3 Qe7 15. Rfe1 b6 16. Rac1 Na5 17. Qb5 Rac8 18. Nd4 Rc5 19. Rxc5 Qxc5 20. b4 Qxb5 21. Nxb5 Nc6 22. a3 a5 23. Rc1 Ne5 24. bxa5 bxa5 25. f4 Nd3 26. Rc3 Bg6 27. g4 Be4 28. g5 Nd7 29. Nxe4 dxe4 30. Bxe4 N3c5 31. Bf5 g6 32. Bg4 Rb8 33. Bxd7 Nxd7 34. Nd6 Kf8 35. Kg2 Ke7 36. Nc8+ Kd8 37. Na7 Rb2+ 38. Kf3 Nb6 39. Nc6+ Kd7 40. Ne5+ Ke6 41. Rc6+ Kd5 42. Rf6 Rb3 43. Nxf7 Rxa3 44. Rxb6 a4 45. Rb5+ Kc4 46. Nd6+ Kc3 47. Rb7 Rb3 48. Rxh7 a3 49. Ra7 Kb2 50. Nc4+ Ka2 51. h4 Rc3 52. Nxa3 Kb3 53. Nb5 Rc5 54. Nd4+ Kc4 55. Ra4+ Kd5 56. Ra6 Kc4 57. Rxg6 Rc8 58. h5 Kd5 59. h6 Rh8 60. Nf5 Kc4 61. e4 Kc5 62. Rg7 Kc6 63. h7 Kc5 64. g6 Ra8 65. Rg8 Ra3+ 66. Kg4 Ra1 67. h8Q Rg1+ 68. Ng3 Rd1 69. Rc8+ Kb4 70. Qb2+ 1-0

[Event "Titled Tuesday intern op 19th Sep Late"]
[Site "Chess.com INT"]
[Date "2023.09.19"]
[Round "2"]
[White "Dogan, Ali Ekber"]
[Black "Papasimakopoulos, Alexandros"]
[Result "0-1"]
[WhiteElo "2182"]
[BlackElo "2409"]
[PlyCount "80"]
[EventDate "2023.09.19"]
[EventType "swiss (blitz)"]
[EventRounds "11"]
[EventCountry "USA"]
[SourceTitle "EXT 2024"]
[Source "ChessBase"]
[SourceDate "2023.10.10"]
[SourceVersion "1"]
[SourceVersionDate "2023.10.10"]
[SourceQuality "1"]

1. d4 d5 2. c4 e6 3. Nf3 a6 4. Qc2 Nf6 5. g3 dxc4 6. Qxc4 b5 7. Qc2 Bb7 8. Bf4 Bd6 9. Bg2 Nbd7 10. 0-0 Rc8 11. Rd1 0-0 12. Ne5 Bxg2 13. Kxg2 Bxe5 14. dxe5 Nd5 15. Nc3 N7b6 16. Ne4 c5 17. Ng5 g6 18. e4 Nxf4+ 19. gxf4 Qe7 20. Qd3 h6 21. Nf3 Rfd8 22. Qe2 c4 23. Qe3 Na4 24. f5 exf5 25. Qxh6 Qf8 26. Qf4 fxe4 27. Ng5 Nxb2 28. Rxd8 Rxd8 29. Nxe4 Nd3 30. Nf6+ Kg7 31. Qg5 Qh8 32. e6 fxe6 33. Ng4 Rf8 34. Rd1 Qh5 35. Qe7+ Rf7 36. Qxe6 Qf5 37. Qxf5 Rxf5 38. Kg3 Rg5 39. h4 Rxg4+ 40. Kxg4 Nxf2+ 0-1

[Event "TUR-chT Clubs"]
[Site "Konya"]
[Date "2019.07.21"]
[Round "9.3"]
[White "Cetinkaya, Vedat Ali"]
[Black "Dogan, Ali Ekber"]
[Result "0-1"]
[WhiteElo "2074"]
[BlackElo "2200"]
[PlyCount "74"]
[EventDate "2019.07.16"]
[EventType "team-swiss"]
[EventRounds "9"]
[EventCountry "TUR"]
[SourceTitle "CBM 191 Extra"]
[Source "ChessBase"]
[SourceDate "2019.09.30"]
[SourceVersion "1"]
[SourceVersionDate "2019.09.30"]
[SourceQuality "1"]
[WhiteTeam "Deniz Genclik"]
[BlackTeam "Krater Genclik"]
[WhiteTeamCountry "TUR"]
[BlackTeamCountry "TUR"]

1. d4 Nf6 2. c4 g6 3. Nf3 Bg7 4. g3 0-0 5. Bg2 d6 6. Nc3 Nbd7 7. 0-0 e5 8. e3 Re8 9. b3 a6 10. Bb2 c6 11. dxe5 dxe5 12. Qd2 e4 13. Nd4 Nc5 14. Rad1 Bg4 15. Nde2 Qc8 16. Ba3 Qf5 17. h3 Bxh3 18. Nd4 Qh5 19. Bxh3 Qxh3 20. Bxc5 Re5 21. Bd6 Ng4 22. f3 Nxe3 23. Bxe5 Bxe5 24. Qh2 Qxh2+ 25. Kxh2 Nxf1+ 26. Rxf1 exf3 27. Nxc6 bxc6 28. Rxf3 Rd8 29. Ne4 f5 30. Ng5 Rd2+ 31. Kh1 h6 32. Ne6 Kf7 33. Nc5 Rxa2 34. Rd3 a5 35. Rd7+ Kf6 36. Rh7 Bxg3 37. Rxh6 Ke5 0-1

[Event "TUR-chT Clubs"]
[Site "Konya"]
[Date "2019.07.18"]
[Round "4.1"]
[White "Dogan, Ali Ekber"]
[Black "Ersahin, Bulent"]
[Result "1-0"]
[WhiteElo "2200"]
[BlackElo "2179"]
[PlyCount "65"]
[EventDate "2019.07.16"]
[EventType "team-swiss"]
[EventRounds "9"]
[EventCountry "TUR"]
[SourceTitle "CBM 191 Extra"]
[Source "ChessBase"]
[SourceDate "2019.09.30"]
[SourceVersion "1"]
[SourceVersionDate "2019.09.30"]
[SourceQuality "1"]
[WhiteTeam "Krater Genclik"]
[BlackTeam "Celik Dernegi"]
[WhiteTeamCountry "TUR"]
[BlackTeamCountry "TUR"]

1. d4 Nf6 2. c4 c5 3. d5 e6 4. g3 exd5 5. cxd5 d6 6. Nc3 g6 7. Bg2 Bg7 8. Nf3 0-0 9. 0-0 Re8 10. Nd2 a6 11. a4 Nbd7 12. h3 Rb8 13. Nc4 Ne5 14. Na3 Nh5 15. e4 Bd7 16. g4 Nf6 17. g5 Nh5 18. f4 b5 19. fxe5 b4 20. Nc4 bxc3 21. bxc3 Rxe5 22. Qf3 Re7 23. Nxd6 Bxh3 24. Nxf7 Bxg2 25. Nxd8 Bxf3 26. Nc6 Rf7 27. Nxb8 Bxc3 28. Ra3 Ng3 29. Rxc3 Ne2+ 30. Kh2 Nxc3 31. d6 Be2 32. Rxf7 Kxf7 33. Bb2 1-0

[Event "TUR-chT 1st League"]
[Site "Konya"]
[Date "2018.07.19"]
[Round "5.1"]
[White "Dogan, Ali Ekber"]
[Black "Annaberdiyev, Babageldi"]
[Result "1/2-1/2"]
[WhiteElo "2164"]
[BlackElo "2247"]
[PlyCount "62"]
[EventDate "2018.07.16"]
[EventType "team-swiss"]
[EventRounds "9"]
[EventCountry "TUR"]
[SourceTitle "EXT 2019"]
[Source "ChessBase"]
[SourceDate "2018.10.10"]
[SourceVersion "1"]
[SourceVersionDate "2018.10.10"]
[SourceQuality "1"]
[WhiteTeam "Tatvan Egitimi"]
[BlackTeam "Sertel Genclik"]
[WhiteTeamCountry "TUR"]
[BlackTeamCountry "TUR"]

1. d4 d5 2. c4 e6 3. Nf3 c6 4. e3 f5 5. Bd3 Nf6 6. 0-0 Bd6 7. b3 Qe7 8. Bb2 0-0 9. Qc1 Ne4 10. Ba3 Nd7 11. Bxd6 Qxd6 12. Qa3 Qxa3 13. Nxa3 b6 14. Rac1 Bb7 15. b4 a6 16. Nc2 b5 17. cxd5 exd5 18. a4 bxa4 19. Ra1 Nb6 20. Rfc1 Nd6 21. Ne5 f4 22. Na3 fxe3 23. fxe3 Rae8 24. Nb1 Nf7 25. Nxf7 Rxf7 26. Re1 Rfe7 27. Kf2 Rf8+ 28. Kg1 Rfe8 29. Kf2 Rf8+ 30. Kg1 Rfe8 31. Kf2 Rf8+ 1/2-1/2

[Event "Cubuk op 3rd"]
[Site "Cubuk"]
[Date "2017.08.20"]
[Round "3"]
[White "Solodovnichenko, Yuri"]
[Black "Dogan, Ali Ekber"]
[Result "1-0"]
[WhiteElo "2586"]
[BlackElo "2133"]
[PlyCount "87"]
[EventDate "2017.08.19"]
[EventType "swiss"]
[EventRounds "9"]
[EventCountry "TUR"]
[SourceTitle "CBM 180 Extra"]
[Source "ChessBase"]
[SourceDate "2017.10.06"]
[SourceVersion "1"]
[SourceVersionDate "2017.10.06"]
[SourceQuality "1"]

1. e4 e6 2. d4 d5 3. Nc3 Nf6 4. Bg5 Be7 5. e5 Nfd7 6. h4 Nc6 7. Qd2 f6 8. exf6 Nxf6 9. 0-0-0 h6 10. Bf4 0-0 11. Nf3 Bb4 12. Bd3 Ne4 13. Bxe4 dxe4 14. Ne5 Qf6 15. Bg3 Ne7 16. Rhe1 Qf5 17. a3 Bxc3 18. Qxc3 Nd5 19. Qb3 a5 20. c4 Nf4 21. Qc2 Nd3+ 22. Nxd3 exd3 23. Rxd3 Bd7 24. f3 Qg6 25. Be5 b5 26. c5 b4 27. Re4 Bb5 28. Rde3 bxa3 29. Rxa3 Bc6 30. Re1 Qf7 31. g4 Qe7 32. Qf2 Rf7 33. h5 Qg5+ 34. f4 Qxg4 35. Rg3 Qxh5 36. Qg1 Kf8 37. Rxg7 Ke7 38. Bxc7 Qf5 39. Bd6+ Kd7 40. Re3 Rh8 41. Be5 Rh7 42. Rg8 Qh5 43. Qe1 Qh1 44. Rg1 1-0

[Event "TUR-chT 1st League"]
[Site "Konya"]
[Date "2017.07.23"]
[Round "9.5"]
[White "Kaya, Emel"]
[Black "Dogan, Ali Ekber"]
[Result "0-1"]
[WhiteElo "1929"]
[BlackElo "2136"]
[PlyCount "87"]
[EventDate "2017.07.17"]
[EventType "team-swiss"]
[EventRounds "9"]
[EventCountry "TUR"]
[SourceTitle "EXT 2018"]
[Source "ChessBase"]
[SourceDate "2017.10.13"]
[SourceVersion "1"]
[SourceVersionDate "2017.10.13"]
[SourceQuality "1"]
[WhiteTeam "Manisa Turkuaz"]
[BlackTeam "Biltis Tatvan"]
[WhiteTeamCountry "TUR"]
[BlackTeamCountry "TUR"]

1. e4 e6 2. d4 d5 3. Nd2 Be7 4. Bd3 c5 5. c3 cxd4 6. cxd4 Nc6 7. Ngf3 Nf6 8. 0-0 Qb6 9. e5 Nd7 10. Nb3 a5 11. a4 Nb4 12. Bb1 Qd8 13. Be3 b6 14. Nc1 Ba6 15. Nd3 Rc8 16. Re1 Qc7 17. Nxb4 Bxb4 18. Bd2 Be7 19. Re3 0-0 20. Rc3 Qd8 21. Rxc8 Qxc8 22. Bc2 Qb7 23. h4 Rc8 24. Ng5 Nf8 25. Qb1 Bxg5 26. hxg5 Qc7 27. Bd3 Bxd3 28. Qxd3 Qc2 29. Qxc2 Rxc2 30. Bc3 f6 31. gxf6 gxf6 32. exf6 Nd7 33. Re1 Kf7 34. Kf1 Nxf6 35. Re2 Rc1+ 36. Re1 Rxe1+ 37. Kxe1 Ne4 38. f3 Nxc3 39. bxc3 h5 40. Kf2 h4 41. g4 hxg3+ 42. Kxg3 Ke7 43. Kg4 b5 44. axb5 0-1

[Event "TUR-chT 1st League"]
[Site "Konya"]
[Date "2017.07.22"]
[Round "8.3"]
[White "Dogan, Ali Ekber"]
[Black "Zeydan, Salih"]
[Result "1/2-1/2"]
[WhiteElo "2136"]
[BlackElo "2001"]
[PlyCount "143"]
[EventDate "2017.07.17"]
[EventType "team-swiss"]
[EventRounds "9"]
[EventCountry "TUR"]
[SourceTitle "CBM 179 Extra"]
[Source "ChessBase"]
[SourceDate "2017.08.23"]
[SourceVersion "1"]
[SourceVersionDate "2017.08.23"]
[SourceQuality "1"]
[WhiteTeam "Biltis Tatvan"]
[BlackTeam "Istanbul Darussafaka"]
[WhiteTeamCountry "TUR"]
[BlackTeamCountry "TUR"]

1. d4 Nf6 2. c4 e6 3. g3 d5 4. Nf3 dxc4 5. Bg2 Bb4+ 6. Bd2 a5 7. Qc2 Bxd2+ 8. Qxd2 c6 9. a4 Ne4 10. Qc2 Nd6 11. Na3 Na6 12. Nxc4 Nb4 13. Nxd6+ Qxd6 14. Qd2 0-0 15. 0-0 b6 16. Rfc1 Rd8 17. Qf4 Ba6 18. Qxd6 Rxd6 19. e3 Nd3 20. Rc2 Rad8 21. Bf1 c5 22. Rc3 cxd4 23. Rxd3 Bxd3 24. Bxd3 dxe3 25. Be2 Rc8 26. fxe3 Rc2 27. Kf2 Rxb2 28. Rc1 g6 29. Rc8+ Kg7 30. Rc7 Kf6 31. g4 h6 32. h4 Kg7 33. g5 h5 34. Nd4 Ra2 35. Kf3 Rxa4 36. Bc4 Kf8 37. Ke4 b5 38. Bxb5 Rb4 39. Bc4 Rdb6 40. Ke5 Rb7 41. Rc8+ Kg7 42. Ba6 Ra7 43. Bd3 Rd7 44. Be4 a4 45. Ra8 Rc7 46. Kd6 Rc3 47. Ra7 Rb6+ 48. Bc6 Rxe3 49. Nb5 Rb8 50. Kc7 Rf8 51. Rxa4 Rh3 52. Nd6 f6 53. Ne8+ Rxe8 54. Bxe8 Rg3 55. Ra5 e5 56. gxf6+ Kxf6 57. Ra6+ Kf5 58. Bd7+ Kf4 59. Rf6+ Ke3 60. Kd6 e4 61. Ke5 g5 62. Rh6 gxh4 63. Rxh5 Rg7 64. Be6 Kf3 65. Rxh4 e3 66. Bd5+ Kg3 67. Re4 Re7+ 68. Be6 Kf2 69. Rf4+ Kg3 70. Re4 Kf2 71. Rf4+ Kg3 72. Re4 1/2-1/2

[Event "TUR-chT2"]
[Site "Konya"]
[Date "2016.07.18"]
[Round "2.2"]
[White "Uysal, Burak"]
[Black "Dogan, Ali Ekber"]
[Result "0-1"]
[WhiteElo "2005"]
[BlackElo "2156"]
[PlyCount "116"]
[EventDate "2016.07.17"]
[EventType "team-swiss"]
[EventRounds "9"]
[EventCountry "TUR"]
[SourceTitle "CBM 173 Extra"]
[Source "ChessBase"]
[SourceDate "2016.08.29"]
[SourceVersion "1"]
[SourceVersionDate "2016.08.29"]
[SourceQuality "1"]
[WhiteTeam "Bursa Buyuksehir"]
[BlackTeam "Bitlis Tatvan Egitimi"]
[WhiteTeamCountry "TUR"]
[BlackTeamCountry "TUR"]

1. e4 e6 2. d4 d5 3. Nc3 Nf6 4. e5 Nfd7 5. f4 c5 6. Nf3 Nc6 7. Be3 a6 8. Qd2 b5 9. dxc5 Bxc5 10. Bd3 Qb6 11. Bf2 b4 12. Na4 Bxf2+ 13. Qxf2 Qxf2+ 14. Kxf2 f6 15. Rhe1 fxe5 16. Nxe5 Ncxe5 17. fxe5 0-0+ 18. Kg1 Rb8 19. Rac1 Bb7 20. b3 Bc6 21. Nb2 Bb5 22. c4 bxc3 23. Rxc3 Rbc8 24. Rxc8 Rxc8 25. Re2 Rc3 26. Bxb5 axb5 27. Kf2 Nc5 28. Ke1 b4 29. Kd1 Kf7 30. Rc2 h5 31. Kd2 Ne4+ 32. Kd1 Kg6 33. Rxc3 Nxc3+ 34. Kd2 Nxa2 35. Nd3 Kf5 36. Ke3 g5 37. Kd4 h4 38. h3 Nc3 39. Nxb4 Ne2+ 40. Ke3 Nc1 41. Nc6 Nxb3 42. Kf3 d4 43. g4+ hxg3 44. Kxg3 Ke4 45. Nb4 Kxe5 46. Kg4 Kf6 47. Nd3 e5 48. Nb4 e4 49. h4 gxh4 50. Kxh4 d3 51. Kg3 d2 52. Nd5+ Ke5 53. Ne3 Kd4 54. Kf2 Kd3 55. Nd1 Kc2 56. Ne3+ Kc1 57. Ke2 Nd4+ 58. Kf2 Nc2 0-1

[Event "Manavgat Turkey Cup"]
[Site "Manavgat"]
[Date "2016.02.04"]
[Round "9"]
[White "Haznedaroglu, Kivanc"]
[Black "Dogan, Ali Ekber"]
[Result "1-0"]
[WhiteElo "2467"]
[BlackElo "2140"]
[PlyCount "99"]
[EventDate "2016.01.30"]
[EventType "swiss"]
[EventRounds "11"]
[EventCountry "TUR"]
[SourceTitle "CBM 170 Extra"]
[Source "ChessBase"]
[SourceDate "2016.02.25"]
[SourceVersion "1"]
[SourceVersionDate "2016.02.25"]
[SourceQuality "1"]

1. d4 Nf6 2. Nf3 g6 3. g3 Bg7 4. Bg2 0-0 5. 0-0 d6 6. c4 Nbd7 7. Qc2 e5 8. Rd1 Qe7 9. Nc3 c6 10. e4 exd4 11. Nxd4 Ne5 12. Qe2 a6 13. h3 Re8 14. b3 Rb8 15. Be3 Qc7 16. Rac1 h5 17. f4 Ned7 18. Qf2 c5 19. Nde2 b5 20. cxb5 Bb7 21. bxa6 Nxe4 22. Nxe4 Bxe4 23. Bxe4 Rxe4 24. Nc3 Ree8 25. f5 Nf6 26. Bf4 Rb6 27. Qc2 Kh7 28. fxg6+ fxg6 29. Nd5 Nxd5 30. Rxd5 Qf7 31. Qc4 Rxa6 32. Rc2 Qe6 33. Kh2 Rb6 34. Qd3 Bd4 35. Rxh5+ Kg7 36. Rg5 d5 37. h4 Qe1 38. Rg2 Rh8 39. Bd2 Qe6 40. Re2 Qf7 41. Bc3 Bxc3 42. Qxc3+ Rf6 43. Qxc5 Re8 44. Rd2 Rfe6 45. Qf2 Rf6 46. Qg2 Rd8 47. Rgxd5 Rxd5 48. Qxd5 Rf2+ 49. Kh3 Rxd2 50. Qxd2 1-0

[Event "Manavgat Turkey Cup"]
[Site "Manavgat"]
[Date "2016.02.03"]
[Round "7"]
[White "Sahin, Ozgun"]
[Black "Dogan, Ali Ekber"]
[Result "0-1"]
[WhiteElo "2085"]
[BlackElo "2140"]
[PlyCount "34"]
[EventDate "2016.01.30"]
[EventType "swiss"]
[EventRounds "11"]
[EventCountry "TUR"]
[SourceTitle "CBM 170 Extra"]
[Source "ChessBase"]
[SourceDate "2016.02.25"]
[SourceVersion "1"]
[SourceVersionDate "2016.02.25"]
[SourceQuality "1"]

1. e4 e6 2. b3 d5 3. Bb2 Nf6 4. e5 Nfd7 5. Qg4 h5 6. Qg3 a5 7. a4 Na6 8. f4 Ndc5 9. Nc3 Nb4 10. Rc1 d4 11. Nb5 d3 12. c3 Nc2+ 13. Kd1 h4 14. Qf3 c6 15. Bxd3 Ne1 16. Nc7+ Ke7 17. Ba3 Nxf3 0-1

[Event "Manavgat Turkey Cup"]
[Site "Manavgat"]
[Date "2016.02.01"]
[Round "4"]
[White "Dogan, Ali Ekber"]
[Black "Sat, Eray"]
[Result "1-0"]
[WhiteElo "2140"]
[BlackElo "1898"]
[PlyCount "153"]
[EventDate "2016.01.30"]
[EventType "swiss"]
[EventRounds "11"]
[EventCountry "TUR"]
[SourceTitle "CBM 170 Extra"]
[Source "ChessBase"]
[SourceDate "2016.02.25"]
[SourceVersion "1"]
[SourceVersionDate "2016.02.25"]
[SourceQuality "1"]

1. d4 Nf6 2. c4 c5 3. d5 e6 4. g3 exd5 5. cxd5 d6 6. Nc3 g6 7. Bg2 Bg7 8. Nf3 0-0 9. 0-0 Nbd7 10. h3 Nh5 11. g4 Nhf6 12. Bf4 Qe7 13. e4 Ne8 14. Qe2 a6 15. a4 Ne5 16. Nd2 f5 17. exf5 gxf5 18. g5 Rb8 19. Nc4 Nc7 20. Kh1 b5 21. axb5 Nxb5 22. Nxb5 axb5 23. Na5 Bd7 24. Rfe1 Rfe8 25. Qc2 Qf7 26. Nc6 Rb7 27. Rad1 c4 28. Nb4 Ra7 29. Ra1 Rea8 30. Rxa7 Rxa7 31. Nc6 Bxc6 32. dxc6 Nd3 33. Qd2 Kh8 34. Rd1 Qh5 35. Be3 Ra8 36. b3 f4 37. bxc4 bxc4 38. Bb6 f3 39. Bf1 Be5 40. Qe3 Bf4 41. Bd4+ Kg8 42. Qe6+ Qf7 43. Qxf7+ Kxf7 44. Bxd3 cxd3 45. Rxd3 Bxg5 46. Rxf3+ Ke6 47. c7 Rc8 48. Bb6 d5 49. Kg2 Be7 50. Re3+ Kd7 51. Re5 Bd6 52. Rh5 Kc6 53. Rh6 Kxb6 54. Rxd6+ Kxc7 55. Rxd5 Kc6 56. Rd4 Rg8+ 57. Kf3 Rg6 58. h4 Kc7 59. Rg4 Rh6 60. Rg7+ Kd6 61. Kg4 Ke6 62. h5 Ke5 63. f4+ Ke4 64. Re7+ Kd5 65. Rd7+ Ke4 66. Re7+ Kd5 67. Kg5 Ra6 68. Rxh7 Ra1 69. h6 Rg1+ 70. Kf5 Kd6 71. Rg7 Rh1 72. h7 Rh2 73. Ra7 Rh1 74. Kf6 Rh2 75. Ra6+ Kd5 76. Kg7 Rg2+ 77. Rg6 1-0

[Event "Malatya Golden Apricot op 3rd"]
[Site "Malatya"]
[Date "2015.08.27"]
[Round "4"]
[White "Aydincelebi, Kagan"]
[Black "Dogan, Ali Ekber"]
[Result "1/2-1/2"]
[WhiteElo "1977"]
[BlackElo "2159"]
[PlyCount "55"]
[EventDate "2015.08.25"]
[EventType "swiss"]
[EventRounds "9"]
[EventCountry "TUR"]
[SourceTitle "EXT 2016"]
[Source "ChessBase"]
[SourceDate "2015.10.08"]
[SourceVersion "1"]
[SourceVersionDate "2015.10.08"]
[SourceQuality "1"]

1. e4 e6 2. d4 d5 3. Nc3 Nf6 4. Bg5 Be7 5. e5 Nfd7 6. Bxe7 Qxe7 7. f4 a6 8. Nf3 c5 9. dxc5 Nc6 10. Qd2 Qxc5 11. Bd3 b5 12. a3 Bb7 13. Qf2 b4 14. Ne2 a5 15. Qxc5 Nxc5 16. Ned4 0-0 17. Nxc6 Bxc6 18. Nd4 Bd7 19. axb4 axb4 20. Kd2 Rfc8 21. Rhe1 Kf8 22. g4 Ke7 23. Ke3 h6 24. f5 Be8 25. Kf4 Ba4 26. Ke3 Be8 27. Kf4 Ba4 28. Ke3 1/2-1/2

[Event "Malatya Golden Apricot op 3rd"]
[Site "Malatya"]
[Date "2015.08.27"]
[Round "5"]
[White "Dogan, Ali Ekber"]
[Black "Aysoy, Veysi"]
[Result "1-0"]
[WhiteElo "2159"]
[BlackElo "1879"]
[PlyCount "29"]
[EventDate "2015.08.25"]
[EventType "swiss"]
[EventRounds "9"]
[EventCountry "TUR"]
[SourceTitle "EXT 2016"]
[Source "ChessBase"]
[SourceDate "2015.10.08"]
[SourceVersion "1"]
[SourceVersionDate "2015.10.08"]
[SourceQuality "1"]

1. d4 Nf6 2. c4 e5 3. dxe5 Ng4 4. Bf4 Nc6 5. Nf3 Bc5 6. e3 Qe7 7. a3 a5 8. Nc3 Bb6 9. Nd5 Qc5 10. Nd2 Ncxe5 11. h3 Nxf2 12. Kxf2 Ng6 13. Nb3 Qc6 14. Nd4 Qc5 15. b4 1-0

[Event "TUR-chT2"]
[Site "Konya"]
[Date "2014.06.28"]
[Round "8.9"]
[White "Kaplan, Bahadir"]
[Black "Dogan, Ali Ekber"]
[Result "0-1"]
[WhiteElo "1944"]
[BlackElo "2156"]
[PlyCount "102"]
[EventDate "2014.06.23"]
[EventType "team-swiss"]
[EventRounds "9"]
[EventCountry "TUR"]
[SourceTitle "CBM 161 Extra"]
[Source "ChessBase"]
[SourceDate "2014.08.29"]
[SourceVersion "1"]
[SourceVersionDate "2014.08.29"]
[SourceQuality "1"]
[WhiteTeam "Azdur Ordu"]
[BlackTeam "Tasduvar"]
[WhiteTeamCountry "TUR"]
[BlackTeamCountry "TUR"]

1. d4 Nf6 2. c4 g6 3. Nc3 Bg7 4. e4 0-0 5. f3 d6 6. Be3 e5 7. Nge2 c6 8. Qd2 Nbd7 9. 0-0-0 a6 10. Kb1 b5 11. c5 Qa5 12. a3 dxc5 13. dxc5 Re8 14. Nc1 Bf8 15. Qf2 Rb8 16. N3a2 Qc7 17. g4 h5 18. g5 Nh7 19. h4 Bg7 20. Rd6 Bh8 21. Rd1 Qa7 22. b4 Bg7 23. Rd6 Qc7 24. Bh3 Ndf8 25. Bxc8 Qxc8 26. Nb3 Ne6 27. Na5 Nd8 28. Rhd1 Nf8 29. Nc3 Nfe6 30. Qa2 Bf8 31. R6d2 Nb7 32. Nxb7 Rxb7 33. Ne2 a5 34. Rd3 Ra7 35. Qb2 axb4 36. axb4 Qa6 37. Rd7 Rea8 38. Rxa7 Rxa7 39. Rd3 Qc8 40. Nc3 Nf4 41. Bxf4 exf4 42. e5 Qf5 43. Ne4 Bg7 44. Rd8+ Kh7 45. Kc2 Qh3 46. Rd3 Qxh4 47. Nf6+ Bxf6 48. gxf6 Qe1 49. Rd2 Qe4+ 50. Rd3 Qe2+ 51. Rd2 Qc4+ 0-1